|
|
|
|
| LEADER |
00000nam0a2200000 4500 |
| 001 |
97903 |
| 005 |
20231031111132.0 |
| 010 |
|
|
|a 5889986414
|
| 035 |
|
|
|a (RuTPU)RU\TPU\book\104941
|
| 090 |
|
|
|a 97903
|
| 100 |
|
|
|a 20060606d2006 m y0rusy50 ca
|
| 101 |
0 |
|
|a rus
|
| 102 |
|
|
|a RU
|
| 105 |
|
|
|a a j 001zy
|
| 200 |
1 |
|
|a Гидрогеохимические исследования
|e учебное пособие
|f А. И. Гавришин, Т. С. Трофимова
|g ЮРГТУ
|
| 205 |
|
|
|a 2-е изд., перераб. и доп.
|
| 210 |
|
|
|a Новочеркасск
|c Изд-во Новочеркасского политехн. ин-та
|d 2006
|
| 215 |
|
|
|a 139 с.
|c ил.
|
| 320 |
|
|
|a Библиогр.: с. 123-125.
|
| 330 |
|
|
|a Рассмотрены основные этапы, и методы формирования потока гидрогеохимической информации как главного результата гидрогеохимических исследований. Особое внимание уделено вопросам получения, систематизации, классификации и анализа данных о химическом составе подземных вод. Детально изложены методы математико-статистической обработки первичной гидрогеохимической информации, планирования исследований, оценки качества данных, гидрогеохимического картирования и др. Предназначено для студентов, обучающихся по специальности 13030200 (080300) «Поиски и разведка подземных вод и инженерно-геологические изыскания» направления подготовки 130300 (650100) «Прикладная геология», а также может быть использовано в работе гидрогеологами, геохимиками, экологами, географами.
|
| 610 |
1 |
|
|a гидрогеохимические исследования
|
| 610 |
1 |
|
|a учебные пособия
|
| 610 |
1 |
|
|a гидрогеохимическая информация
|
| 610 |
1 |
|
|a гидрогеохимические данные
|
| 610 |
1 |
|
|a воды природные
|
| 610 |
1 |
|
|a химический состав
|
| 610 |
1 |
|
|a воды подземные
|
| 610 |
1 |
|
|a гидрогеохимическое картирование
|
| 610 |
1 |
|
|a шахтные воды
|
| 675 |
|
|
|a 556.3.01(075.8)
|v 3
|
| 700 |
|
1 |
|a Гавришин
|b А. И.
|g Анатолий Иванович
|
| 701 |
|
1 |
|a Трофимова
|b Т. С.
|g Тамара Сергеевна
|
| 712 |
0 |
2 |
|a Южно-Российский государственный технический университет
|2 stltpush
|3 (RuTPU)RU\TPU\col\6721
|
| 712 |
0 |
2 |
|a Новочеркасский политехнический институт им. Серго Орджоникидзе
|2 stltpush
|3 (RuTPU)RU\TPU\col\227
|
| 801 |
|
1 |
|a RU
|b 63413507
|c 20060606
|g PSBO
|
| 801 |
|
2 |
|a RU
|b 63413507
|c 20170524
|g PSBO
|
| 900 |
|
|
|a Гидрогеохимия
|
| 942 |
|
|
|c BK
|
| 959 |
|
|
|a 47/20060606
|d 5
|e 80,00
|f НФ:2
|f УФ:3
|